000 nam a22 7a 4500
999 _c9156
_d9156
008 180123b ||||| |||| 00| 0 eng d
100 _aNIIT
_95426
245 _aNIIT Group - E, Level -I Class - II
260 _aNew Delhi
_bSona Publication
_c2005